Morphology (Record no. 17992)

MARC details
000 -LEADER
fixed length control field 00524nam a22001817a 4500
008 - FIXED-LENGTH DATA ELEMENTS--GENERAL INFORMATION
fixed length control field 191018b xxu||||| |||| 00| 0 eng d
020 ## - INTERNATIONAL STANDARD BOOK NUMBER
International Standard Book Number 1403916440
040 ## - CATALOGING SOURCE
Original cataloging agency KABU
Transcribing agency KABU
050 ## - LIBRARY OF CONGRESS CALL NUMBER
Classification number P241
Item number .K38 2006 c. 1
100 ## - MAIN ENTRY--PERSONAL NAME
Personal name Katamba, Francis
245 ## - TITLE STATEMENT
Title Morphology
Statement of responsibility, etc. Francis Katamba and John Stonham
250 ## - EDITION STATEMENT
Edition statement 2nd ed.
260 ## - PUBLICATION, DISTRIBUTION, ETC. (IMPRINT)
Place of publication, distribution, etc. New York
Name of publisher, distributor, etc. Palgrave Macmillan
Date of publication, distribution, etc. 2006
300 ## - PHYSICAL DESCRIPTION
Extent xvi, 382 p.
650 ## - SUBJECT ADDED ENTRY--TOPICAL TERM
Topical term or geographic name as entry element Grammar, Comparative and general
General subdivision Morphology
700 ## - ADDED ENTRY--PERSONAL NAME
Personal name Stonham, John
942 ## - ADDED ENTRY ELEMENTS (KOHA)
Source of classification or shelving scheme Library of Congress Classification
Koha item type General Collection
Classification part P241
Holdings
Withdrawn status Lost status Source of classification or shelving scheme Not for loan Home library Current library Date acquired Cost, normal purchase price Total Checkouts Full call number Barcode Date last seen Copy number Price effective from Koha item type Date last checked out
    Library of Congress Classification   Kabarak, Main Campus Kabarak, Main Campus 18/10/2019 3780.15   P241 .K38 2006 c. 1 023989 04/11/2021 c. 1 18/10/2019 General Collection  
    Library of Congress Classification   Kabarak, Main Campus Kabarak, Main Campus 18/10/2019 3780.15 3 P241 .K38 2006 c. 2 023990 02/03/2022 c. 2 18/10/2019 General Collection 15/02/2022
    Library of Congress Classification   Kabarak, Main Campus Kabarak, Main Campus 18/10/2019 3780.15   P241 .K38 2006 c. 3 023991 18/10/2019 c. 3 18/10/2019 General Collection  
    Library of Congress Classification   Kabarak, Main Campus Kabarak, Main Campus 18/10/2019 3780.15 3 P241 .K38 2006 c. 4 023992 03/12/2021 c. 4 18/10/2019 General Collection 16/11/2021
Designed with assistance from East African Informatics Ltd